[Event "Kragero Resort International 2022"]
[Site "Kragero"]
[Date "2022.02.27"]
[Round "9.18"]
[White "Ingebretsen, Jens E"]
[Black "Doluhanova, Evgeniya"]
[Result "0-1"]
[WhiteElo "2316"]
[BlackElo "2255"]
[Annotator "TA"]
[PlyCount "132"]
[EventDate "2022.02.23"]
[EventType "swiss"]
[EventCountry "NOR"]
[SourceTitle "playchess.com"]
[Source "ChessBase"]
[SourceQuality "1"]

{[%evp 10,132,8,4,26,0,20,8,7,-10,8,-15,-16,-18,-11,-11,-6,-17,-26,-16,-22,-11,0,-12,0,-29,-22,-22,-23,-30,-6,-8,0,0,0,0,0,0,0,-25,0,-10,-6,-20,-12,-15,-16,-130,-129,-120,-152,-145,-141,-195,-79,-101,-108,-167,-98,-94,0,0,0,-38,-31,-39,0,0,0,0,0,0,121,47,59,62,64,0,0,0,0,0,0,0,0,0,0,0,0,0,0,0,0,-92,0,-74,-70,-540,-83,-185,-180,-171,-16,-232,-232,-409,-398,-398,-391,-391,-391,-466,-458,-449,-352,-279,-207,-429,-436,-29972,-29973,-29972,-29974,-29967,-5451]} 1. g3 Nf6 2. Bg2 e6 3. Nf3 b6 4. O-O Bb7 5. d3 d5 6. c4 dxc4 {A13: English Opening: 1...e6.} 7. Qa4+ Nbd7 8. Qxc4 Be7 {The position is equal.} 9. Bf4 {[#]} Nd5 $146 ({Predecessor:} 9... c5 10. Qc2 O-O 11. Na3 Nd5 12. Bd2 Nb4 13. Qb1 Rc8 14. Nc4 b5 15. Ne3 Nb6 {½-½ (52) Norby,P-Ingerslev,A Odense 1975}) 10. Bd2 O-O 11. Nc3 Bf6 12. Rac1 c5 13. Nxd5 exd5 14. Qc2 Re8 15. Rfe1 h6 16. b4 Rc8 17. bxc5 Nxc5 18. d4 Ne4 19. Qd3 (19. Qb2 {feels hotter.} Rc4 20. Bf4 Qd7 21. Ne5 Bxe5 22. Bxe5 Rec8 23. Rxc4 Rxc4 24. Rc1) 19... Rc4 (19... Qd7 {is more complex.} 20. e3 Bc6 21. Qb1 Bb5 22. Rxc8 Rxc8 23. a3 g5) 20. Rxc4 dxc4 21. Qxc4 Nxd2 22. Nxd2 Bxg2 (22... Bxd4 $2 23. Bxb7 Bxf2+ 24. Kxf2 $18) 23. Kxg2 Qxd4 24. Qc6 Re6 25. Qc8+ Kh7 26. Nf3 Qd5 27. e4 Qxa2 (27... Rxe4 $2 28. Qc2 $18) 28. Qf8 (28. e5 $11 Be7 29. Rd1) 28... Bc3 $36 {[%mdl 2048] Black has strong initiative.} 29. Re3 Rc6 30. Qa8 Rc7 31. e5 (31. Rd3 $17 {keeps fighting.}) 31... Qe6 (31... Qc4 $19 {and Black stays clearly on top. And now ...b5 would win.} 32. Qd8 b5) 32. Qe4+ g6 33. h4 (33. Rd3 $17 {was called for.}) 33... Kg7 (33... b5 $1 $19 {[%cal Rb5b4] Hoping for ...b4.} 34. Rd3 Qf5) 34. Rd3 Qc6 (34... Rc4 $17 35. Qa8 Qc6) 35. Qf4 $11 Qe6 36. Rd6 Qf5 37. Qe3 Bb4 38. Rf6 Qc2 39. Nd4 Qd2 {...Qxe3 is the strong threat.} 40. Qe4 {[%cal Oh4h5]} Rd7 (40... Bc5 $11 41. Ne6+ fxe6 42. Qxg6+ Kh8) 41. Nf3 (41. e6 Qxd4 $1 42. Rxf7+ Kh8 43. Qxd4+ (43. Qxg6 $2 Rxf7 44. exf7 Qg7 $19) 43... Rxd4 $17) (41. Rf4 $1 $16 Rxd4 42. Qxd4 Qxd4 43. Rxd4) 41... Qb2 $1 $14 {aiming for ...Bc5.} 42. h5 {[%cal Rh5g6]} Bc5 43. Nh4 (43. hxg6 $14 Qxf2+ 44. Kh3 Qf1+ 45. Kg4 h5+ 46. Kxh5 Qh1+ 47. Qh4 (47. Kg4 Rd4 $11) 47... Qxh4+ 48. gxh4) 43... Qd4 $11 {Chess con chili.} 44. Qxd4 Bxd4 {[%mdl 4096] Endgame KRB-KRN} ({But not} 44... Rxd4 45. hxg6 fxg6 46. Rxg6+ Kf8 47. f4 $16 (47. Rxh6 Rd2 $11)) 45. f4 {[%cal Rh5g6]} gxh5 46. Nf5+ Kg8 47. Nxh6+ Kf8 48. Nf5 Bc5 49. Rc6 {White wants to mate with Rc8+.} Rd2+ 50. Kf3 {Intending Rc8+ and mate.} Ke8 51. Ng7+ (51. Rc7 $11) 51... Kd8 (51... Kd7 $17 52. Rf6 b5 53. Rxf7+ Kc6) 52. Nxh5 (52. Rf6 $1 $11 {remains equal.}) 52... a5 $1 $17 {[%cal Ba7a5,Ba5a4,Ba4a3][%mdl 32]} 53. Rf6 $2 {[%mdl 8192] [#]} (53. Nf6 $15) 53... Rd7 $2 (53... a4 $1 $19 {[%cal Ra4a3]} 54. Rxf7 a3) 54. Rh6 (54. Ng7 $17 {was the only chance.}) 54... a4 $19 {Threatens to win with ...a3.} 55. Nf6 Rd1 (55... Rd3+ $19 56. Ke4 Rd4+ 57. Kf5 a3) 56. Ke2 $2 (56. Ne4 $1 $11 {and White is okay.}) 56... Rg1 57. Rh8+ $2 (57. Kd3) 57... Kc7 {White must now prevent ...a3.} 58. Nd5+ Kc6 59. Nc3 {[#]} a3 $1 60. Kd3 Rxg3+ 61. Kc2 Rf3 62. Rh6+ Kd7 63. Rf6 $2 (63. Ne4) 63... Ke8 64. e6 {[#]} (64. Rc6 $19 Rxf4 65. e6 Rf2+ 66. Kd3) 64... Rxc3+ $1 {[%mdl 512] Black mates.} 65. Kxc3 a2 66. exf7+ Kf8 {Weighted Error Value: White=0.41/Black=0.38} 0-1

[Event "Kragero Resort International 2022"]
[Site "Kragero"]
[Date "2022.02.27"]
[Round "9.19"]
[White "Van Dael, Siem"]
[Black "Nikolic, Vladan"]
[Result "1-0"]
[WhiteElo "2303"]
[BlackElo "2218"]
[Annotator "TA"]
[PlyCount "106"]
[EventDate "2022.02.23"]
[EventType "swiss"]
[EventCountry "NOR"]
[SourceTitle "playchess.com"]
[Source "ChessBase"]
[SourceQuality "1"]

{[%evp 9,106,16,17,13,13,16,25,22,29,10,20,20,21,23,24,27,27,0,22,29,31,0,0,0,0,-12,3,0,43,28,42,23,26,31,38,27,29,30,80,93,87,87,213,200,187,129,141,135,128,157,140,67,81,97,124,0,0,0,0,0,0,0,0,0,0,0,323,62,62,27,36,58,130,106,114,104,116,70,140,74,187,160,232,82,535,770,613,213,29979,255,29980,29981,29981,29982,29981,29982,29986,29987,29986]} 1. e4 e5 2. Nf3 Nc6 3. Bc4 Nf6 4. d3 Bc5 5. O-O a6 6. a4 {C50: Hungarian Defence and Giuoco Pianissimo.} d6 7. c3 Ba7 8. Nbd2 {White has an edge.} O-O 9. h3 h6 10. Re1 Re8 {The main line 10...Re8 scores better than 10...Be6.} 11. Nf1 Be6 12. Bxe6 Rxe6 13. Be3 (13. b4 {with more complications.} d5 14. Qc2 Ne7 15. Rb1 Ng6 16. c4) 13... d5 14. Bxa7 Rxa7 {[#]} 15. Qe2 $146 ({Predecessor:} 15. Ng3 Ra8 16. Qb3 b6 17. exd5 Qxd5 18. Qxd5 Nxd5 19. d4 exd4 20. Rxe6 fxe6 21. cxd4 {0-1 (54) Kravtsiv,M (2672)-Mamedyarov,S (2799) Riadh 2017}) 15... a5 16. N1d2 Ra8 17. Qd1 Ne7 18. d4 Ng6 (18... dxe4 $11 19. Nxe4 (19. Nxe5 c5 $11) 19... exd4 20. Nxf6+ Rxf6) 19. Nxe5 $14 Nxe5 20. dxe5 Rxe5 {[%cal Rd5e4]} 21. f4 Re8 {[%cal Rd5e4]} 22. e5 Nd7 23. Qg4 Ra6 (23... Nc5 $11) 24. Nf3 $16 Nc5 25. f5 {To avoid Rg6} Qe7 (25... f6 $16 {was worth a try.}) 26. Rad1 $1 $18 (26. f6 $6 Qf8 $14) 26... c6 (26... Qd7 27. c4 $16) 27. f6 (27. c4 $18) 27... Qf8 $16 28. Nd4 Kh7 29. Nf5 g6 30. Ne7 ({White should try} 30. Ng7 $16) 30... h5 31. Qh4 {White is much more active.} Ne6 32. Qf2 (32. g4 $16) 32... Qh6 $11 33. c4 d4 34. Rxd4 Nxd4 35. Qxd4 c5 36. Qd7 Rf8 37. e6 $36 {[%mdl 2048] White has some pressure.} Kh8 $2 {[%mdl 8192] [#]} (37... Rxe6 $11 {and Black has nothing to worry.} 38. Rxe6 Qc1+ 39. Kh2 Qf4+ 40. Kg1 Qc1+ 41. Kh2 Qf4+ 42. Kg1 Qc1+) 38. Nd5 $2 (38. Qxb7 Rxe6 39. Rxe6 fxe6 $11) (38. Nf5 $1 $18 {[%cal Rf5h6][%mdl 512]} gxf5 39. e7) 38... Rxe6 $1 $14 39. Rxe6 fxe6 40. Qxe6 {[%mdl 4096] Endgame KQR-KQN} Qh7 (40... g5 $14) 41. Qd6 Qf7 42. Qxc5 Ra8 43. Kh2 (43. b3 $16) 43... Qf8 (43... Kg8 $14) 44. Qd4 (44. Qe3 $142 $1) 44... Qd6+ {[#]} (44... Kg8 $16 {might work better.}) 45. Kg1 $1 $18 {aiming for f7+.} Qe6 {[#]} (45... Kh7 $16 {is a better defense.} 46. Qe4 (46. f7 Qe6 $16) 46... Rb8) 46. Qf4 ({Don't take} 46. f7+ Kh7 $16) (46. Nc7 $1 $18 {[%cal Rc7e6] and the rest is easy.} Qe1+ 47. Kh2) 46... Kh7 $2 {[%mdl 8192]} (46... Kg8 $16) 47. Qc7+ Kh6 48. Kh2 $2 (48. Qg7+ Kg5 49. h4+ (49. Qxb7 Qe1+ 50. Kh2 Qe5+ 51. Kh1 Qe1+ 52. Kh2 Qe5+ 53. Kh1 Qe1+ 54. Kh2 $11) 49... Kxh4 50. Qxg6) 48... Rf8 $2 (48... Qg8 $18) 49. Qg7+ Kg5 50. h4+ {White mates.} ({Stronger than} 50. Qxf8 Qe5+ 51. Kh1 Qe1+ 52. Kh2 Qe5+ 53. g3 Qe2+ 54. Kh1 Qf1+ 55. Kh2 Qf2+ 56. Kh1 Qf1+ 57. Kh2 Qf2+ 58. Kh1 Qf1+ $11) 50... Kf5 51. Qxf8 Qe5+ 52. Kh3 g5 53. hxg5 Qd4 {Weighted Error Value: White=0.28 (precise) /Black=0.50} 1-0

[Event "Kragero Resort International 2022"]
[Site "Kragero"]
[Date "2022.02.27"]
[Round "9.20"]
[White "Zadruzny, Nicolaj"]
[Black "Sorensen, Simen"]
[Result "1/2-1/2"]
[WhiteElo "2280"]
[BlackElo "2014"]
[Annotator "TA"]
[PlyCount "48"]
[EventDate "2022.02.23"]
[EventType "swiss"]
[EventCountry "NOR"]
[SourceTitle "playchess.com"]
[Source "ChessBase"]
[SourceQuality "1"]

{[%evp 24,35,50,46,58,52,43,47,57,55,48,15,18,20]} 1. e4 c5 2. Nf3 e6 3. d4 cxd4 4. Nxd4 Nc6 5. Nc3 Qc7 6. g3 a6 7. Bg2 Nf6 8. O-O Nxd4 9. Qxd4 Bc5 10. Bf4 d6 11. Qd2 h6 12. Rad1 e5 13. Be3 Be6 {B47: Sicilian: Taimanov: 5 Nc3 Qc7 6 f4, 6 g3 and 6 Be2.} 14. Bxc5 dxc5 15. Nd5 Bxd5 16. exd5 {Black must now prevent d6.} Qd6 17. f4 {[#] Hoping for fxe5.} O-O 18. fxe5 {[#] Black took control after the opening.  Weighted Error Value: White=0.12 (very precise) /Black=0.00 (flawless)} {Predecessor:} Qxe5 $146 19. d6 Qxb2 20. d7 Rad8 21. Bh3 Qxa2 22. Rxf6 gxf6 23. Bf5 Kg7 24. Qc3 b5 {1-0 (31) Karthikeyan,M (2611)-Aroshidze,L (2514) Sitges 2019} 1/2-1/2

[Event "Kragero Resort International 2022"]
[Site "Kragero"]
[Date "2022.02.27"]
[Round "9.21"]
[White "Kenneskog, Theodor"]
[Black "Aulin-Jansson, Joran"]
[Result "1/2-1/2"]
[WhiteElo "2344"]
[BlackElo "2214"]
[Annotator "TA"]
[PlyCount "79"]
[EventDate "2022.02.23"]
[EventType "swiss"]
[EventCountry "NOR"]
[SourceTitle "playchess.com"]
[Source "ChessBase"]
[SourceQuality "1"]

{[%evp 11,79,7,25,-18,27,20,37,-4,-3,-3,-4,-24,27,26,81,56,78,77,125,-13,-27,-12,-14,-46,-40,-40,-67,-480,-479,-547,-264,-953,-955,-1030,-236,-481,-458,-423,-292,-284,-290,-320,-303,-361,-361,-490,-391,-408,-405,-418,-402,-461,-331,-329,-249,-197,0,0,0,0,0,0,0,0,260,191,191,254,187,0]} 1. e4 {Atlas,V} e6 2. d4 d5 3. Nc3 Bb4 4. e5 c5 5. a3 Bxc3+ 6. bxc3 Qc7 7. h4 {C18: French: 3 Nc3 Bb4: Main line: 7 h4 and 7 Qg4.} (7. Qg4 $142 Kf8 8. Bd2) 7... b6 (7... Ne7 {was preferrable.}) 8. h5 $11 h6 9. Bb5+ (9. Qg4 $1 $14 Kf8 10. Rh3) 9... Bd7 10. Bd3 Ne7 {[#]} 11. Kf1 $146 ({Predecessor:} 11. Nf3 Nbc6 12. O-O O-O 13. Be3 cxd4 14. cxd4 Nf5 15. c4 dxc4 16. Bxf5 exf5 17. Qc1 Na5 18. Bxh6 gxh6 19. Qxh6 Qc6 20. Qf4 Be6 21. Rae1 Kh7 22. Ng5+ Kh8 23. Re3 Rg8 24. Rg3 Bd5 25. e6 Bxe6 26. Qe5+ {1-0 (26) Markovic,M (2540)-Drasko,M (2515) Belgrade 1998 CBM 064 [Atlas,V]}) 11... Nbc6 (11... c4 $142 12. Be2 O-O) 12. Qg4 cxd4 (12... c4 $11 {keeps the balance.} 13. Be2 (13. Qxg7 $2 Rg8 $19) 13... Nf5) 13. cxd4 O-O-O 14. Ne2 ({But not} 14. Qxg7 Nxd4 15. Bb2 Ndf5 $15) 14... f6 (14... Rdg8 $142) 15. exf6 {White is more active.} (15. Qxg7 $16 fxe5 16. Bxh6) 15... gxf6 16. Qh4 e5 $1 17. Qxf6 Rdf8 18. Qh4 Nf5 $36 {[%mdl 2048] Black has some pressure.} 19. Ba6+ $2 {[%mdl 8192]} (19. Bxf5 $15 Bxf5 20. Bd2) 19... Kb8 $19 20. Qh2 Nfxd4 (20... Ncxd4 $142 21. Nxd4 Nxd4) 21. Nxd4 (21. Bd3) 21... Nxd4 22. Bb2 {[#]} Rf4 $2 (22... Rxf2+ $3 {[%mdl 512]} 23. Kg1 Nf3+ $1 {[%mdl 512]} 24. gxf3 Rxh2 25. Rxh2 Rg8+ 26. Kh1 e4) 23. Qxf4 $2 (23. Bxd4 {is a better defense.} Rxd4 24. Qg3) 23... exf4 24. Bxd4 Re8 25. Bd3 f3 26. g3 {To avoid Qf4} Qc8 27. Rh4 Bf5 28. Bb5 Re7 29. Kg1 Qxc2 {White must now prevent ...Bd3.} 30. a4 Bd3 {aiming for ...Bxb5.} 31. Rf4 Bxb5 32. axb5 Qd2 33. Kh2 Qd3 $2 {Inhibits Ra3.} ({Better is} 33... Qe2 $19 34. Ra3 Qxb5 35. Raxf3 Qd7) 34. Rf8+ $11 Kb7 35. Bf6 Re2 36. Rf7+ Kc8 37. Raxa7 {[%cal Ra7a8]} Rxf2+ $2 {[%mdl 8192]} (37... Kb8 $1 $11 38. Rab7+ Ka8 39. Ra7+ Kb8 40. Rab7+ Ka8 41. Ra7+ Kb8) 38. Kh3 $18 {[%cal Ra7a8]} Qf1+ 39. Kg4 {[%cal Rf7f8][%mdl 1024] White has strong compensation. The board is on fire.} Qc4+ {[#]} 40. Kh3 $2 {What a bad dream for Black.  Weighted Error Value: White=0.75/Black=0.74} (40. Bd4 $1 $18 {[%mdl 512]} Qxd4+ 41. Kh3) 1/2-1/2

[Event "Kragero Resort International 2022"]
[Site "Kragero"]
[Date "2022.02.27"]
[Round "9.22"]
[White "Melaa, Sondre"]
[Black "Mikalsen, Erlend"]
[Result "0-1"]
[WhiteElo "2138"]
[BlackElo "2368"]
[Annotator "TA"]
[PlyCount "74"]
[EventDate "2022.02.23"]
[EventType "swiss"]
[EventCountry "NOR"]
[SourceTitle "playchess.com"]
[Source "ChessBase"]
[SourceQuality "1"]

{[%evp 17,74,2,19,18,19,8,13,8,8,-45,-51,-85,-8,20,8,-96,-91,-115,-53,-53,-42,-41,-49,-150,-144,-309,-320,-543,-531,-522,-507,-502,-240,-226,-218,-330,-334,-350,-358,-339,-350,-344,-330,-405,-396,-728,-714,-875,-859,-782,-776,-719,-466,-1108,-1082,-1116,-1104,-937,-902]} 1. d4 Nf6 2. c4 e6 3. g3 d5 4. Nf3 dxc4 5. Bg2 c5 6. O-O Nc6 7. Qa4 Bd7 8. Qxc4 b5 9. Qd3 c4 10. Qc2 {E04: Open Catalan: 5 Nf3.} Be7 11. e4 O-O 12. Qe2 {The position is equal.} Na5 {[#]} 13. Rd1 $146 ({White should play} 13. Ne5 $11) ({Predecessor:} 13. Ne5 Rc8 14. Bf4 b4 15. Nxd7 Qxd7 16. Rd1 Qa4 17. Nd2 Qc2 18. Rab1 c3 19. Rdc1 {1-0 (36) Kaasen,T (2396)-Elsness,F (2468) Sarpsborg 2018}) 13... b4 $15 14. d5 Bc5 ({Better is} 14... exd5 $17 {White must now prevent ...Ba4.} 15. e5 Ba4 16. exf6 Bxd1 17. Qxe7 Nc6 18. Qxd8 Raxd8) 15. dxe6 fxe6 16. Ne5 {[#] Inhibits Ng4.} (16. Be3 $11 Bxe3 17. Qxe3) 16... Qb6 $1 $17 {Threatens to win with ...Bb5.} 17. Be3 (17. Nxd7 Nxd7) 17... Bxe3 (17... Bb5 $17 {[%cal Oc4c3] aiming for ...c3!} 18. Qe1 Rac8 19. Bxc5 Rxc5) 18. Qxe3 $15 Qxe3 19. fxe3 Rad8 20. Bf1 {[#]} ({White should try} 20. Bh3 $15 Rfe8 21. Bf1) 20... Ba4 $1 $17 21. Rc1 {Now White is beyond hope.} (21. Rxd8 $2 Rxd8 22. Kg2 Rd1 23. Nxc4 Nxc4 24. Bxc4 Bc6 25. Bxe6+ Kf8 $19) (21. Rd4 $17 {only move.}) 21... Nxe4 $19 {Strongly threatening ...Rf5.} 22. Nxc4 $2 {[#]} (22. Be2) 22... Rxf1+ $1 {[%mdl 512]} 23. Kxf1 Nxc4 (23... Bb5 24. b3 $17) 24. b3 Ncd2+ ({Not} 24... Nxe3+ 25. Ke2 Ng4 26. bxa4 (26. Kf3 $2 Ng5+ 27. Ke2 Bb5+ 28. Rc4 Bxc4+ 29. bxc4 Ne4 $19) 26... Nxh2 27. Rc4 Nxg3+ 28. Kf2 $17) (24... Rf8+ $142 25. Kg1 Ne5) 25. Nxd2 Nxd2+ 26. Ke1 (26. Kg2 $142 Bb5 27. Rc5) 26... Bb5 27. Rc5 a6 28. Rac1 Rd3 29. Rc8+ Kf7 30. R1c7+ Kg6 31. Rg8 $2 (31. Kf2 Ne4+ 32. Kg2) 31... Ne4 {Black is clearly winning.} 32. Rgxg7+ Kf6 33. Rgf7+ Ke5 34. Rf3 Nc3 {And now ...Rd1+ would win.} 35. Rxh7 (35. h4 $142 Ke4 36. Rcf7) 35... Rd1+ 36. Kf2 Rd2+ 37. Kg1 Ne2+ {Weighted Error Value: White=0.73/Black=0.20 (precise)} 0-1

[Event "Kragero Resort International 2022"]
[Site "Kragero"]
[Date "2022.02.27"]
[Round "9.23"]
[White "Kanyamarala, Tarun"]
[Black "Ptacnikova, Lenka"]
[Result "1-0"]
[WhiteElo "2343"]
[BlackElo "2173"]
[Annotator "TA"]
[PlyCount "87"]
[EventDate "2022.02.23"]
[EventType "swiss"]
[EventCountry "NOR"]
[SourceTitle "playchess.com"]
[Source "ChessBase"]
[SourceQuality "1"]

{[%evp 15,87,22,32,33,40,41,43,31,30,37,35,41,71,66,59,76,94,88,127,108,116,123,162,147,147,127,156,172,281,272,337,331,373,369,366,335,385,400,382,405,385,392,432,403,390,145,306,285,288,281,259,105,252,236,289,291,279,227,216,206,234,134,311,292,458,405,324,306,260,185,804,803,784,780]} 1. d4 Nf6 2. c4 e6 3. Nc3 Bb4 4. f3 d5 5. a3 Be7 6. e4 dxe4 7. fxe4 e5 {7...c5 injects fresh life into this line.} 8. d5 a5 9. Nf3 {E20: Nimzo-Indian: 4 g3 and 4 f3.} Nbd7 10. Rb1 O-O {[%cal Oa5a4]} 11. b4 {[#] White is slightly better.} axb4 $146 ({Predecessor:} 11... b6 12. Bd3 Nh5 13. O-O Bd6 14. g3 g6 15. Bh6 Ng7 16. Nb5 Qe7 17. Qb3 Ba6 {½-½ (62) Bitalzadeh,A (2370)-Pham,T (2117) Groningen 2008}) 12. axb4 b6 13. Be2 Nh5 14. O-O Bd6 15. g3 g6 {White stays focused until the end.} 16. Bh6 Ng7 17. Qd2 $36 {[%mdl 2048] White is on the roll.} Qe7 18. Nb5 f6 19. Nh4 Nb8 20. Rfc1 {White is much more active.} Rd8 21. Be3 {c5 is the strong threat.} Nd7 {Prevents c5.} (21... c5 $142 22. Nxd6 Qxd6 23. bxc5 bxc5) 22. Qc3 $1 $18 Ra2 23. Bf1 f5 24. c5 f4 25. cxd6 cxd6 26. Bf2 Rf8 {[%cal Oa2f2]} 27. Rb2 Rxb2 28. Qxb2 Nf6 29. Rc7 Bd7 30. Qe2 (30. Bh3 $18 {is more deadly.}) 30... Qd8 $2 (30... fxg3 $16 31. Bxg3 (31. hxg3 Bxb5 32. Rxe7 Bxe2 $16) (31. Bxb6 gxh2+ 32. Kxh2 Nxd5 $11) 31... Nxe4) 31. Bxb6 Qb8 32. Ba5 Nge8 {[#]} 33. Rc1 (33. Rc6 $1 $18) 33... Nxe4 34. Qxe4 Bxb5 35. Bxb5 Qxb5 36. Qc4 Qb7 37. Qc6 Qe7 38. Ng2 (38. b5 $18 {And now b6 would win.} g5 {[#]} 39. Nf5 $1 {[%mdl 512]} Rxf5 40. Qc8 Qa7+ 41. b6 Qxa5 42. Qxf5 (42. Qxe8+ Kg7 $11) 42... Qxb6+ 43. Kg2) 38... g5 $2 (38... f3 $16) 39. Bb6 e4 (39... h5 {was necessary.} 40. b5 Qf6) 40. Qc8 Ng7 41. Qc7 Qe5 42. Qc3 {Strongly threatening Qxe5.} e3 $2 (42... Qxd5 43. Qc4 Qe6) 43. Qxe5 dxe5 44. d6 {Weighted Error Value: White=0.23 (precise) /Black=0.35} 1-0

[Event "Kragero Resort International 2022"]
[Site "Kragero"]
[Date "2022.02.27"]
[Round "9.24"]
[White "Nordquelle, Daniel"]
[Black "Hirneise, Jens"]
[Result "0-1"]
[WhiteElo "2130"]
[BlackElo "2327"]
[Annotator "TA"]
[PlyCount "54"]
[EventDate "2022.02.23"]
[EventType "swiss"]
[EventCountry "NOR"]
[SourceTitle "playchess.com"]
[Source "ChessBase"]
[SourceQuality "1"]

{[%evp 18,54,-36,-38,-19,-21,2,2,0,-13,37,47,36,44,51,-94,-78,-52,-66,-297,-283,-293,-285,-444,-419,-600,-595,-599,-473,-29987,-29988,-29988,-29989,-29989,-29990,-29993,-29994,-29998,-29999]} 1. e4 c5 2. Nf3 {[%cal Bg1f3,Bf3d4,Bd4f5][%mdl 32]} d6 3. d4 cxd4 4. Nxd4 Nf6 5. f3 e5 6. Bb5+ Nbd7 {[%cal Bb8d7,Bd7c5,Bc5b3][%mdl 32]} 7. Nf5 d5 8. exd5 a6 9. Ba4 b5 10. Bb3 Nc5 {B55: Sicilian: 2...d6 3 d4 cxd4 4 Nxd4 Nf6 5 f3.} 11. Ne3 Nxb3 {has lost popularity (11...Bb7).} 12. axb3 Bc5 {The position is equal.} 13. c4 {[#]} bxc4 $146 ({Black should try} 13... b4 $11) ({Predecessor:} 13... Nh5 14. g3 f5 15. Nc3 O-O 16. Nc2 f4 17. Ne4 Ba7 18. Nb4 Bf5 19. Nc6 Qd7 {0-1 (40) Yemelin,V (2568)-Volokitin,A (2686) Brasov 2011}) 14. bxc4 $14 Qb6 15. Qd3 O-O 16. O-O {[#]} (16. Nc3 $14 {stays ahead.}) 16... e4 $1 $17 {Black is more active.} 17. fxe4 Ng4 $36 {[%cal Rc5e3][%mdl 2048] Black is more active.} 18. Rf3 {This costs White the game.} ({White should play} 18. Ra3 $15) 18... Ne5 19. Qe2 Nxf3+ 20. gxf3 {[#]} (20. Qxf3 {was the only chance.} f5 21. Kh1) 20... f5 $1 $19 {Threatens to win with ...fxe4.} 21. Kh1 (21. e5 $142 f4 22. e6) 21... fxe4 ({Worse is} 21... Qg6 22. e5 $14) 22. fxe4 Qg6 {( -> ...Bxe3)} 23. Qg2 (23. Nc3 $19 Bxe3 24. Bxe3) 23... Qh5 {Black mates.} 24. Nc3 Bh3 25. Qe2 Qh4 26. Ng2 Bxg2+ {[%mdl 64] Overworked Piece} 27. Qxg2 Qe1+ {Weighted Error Value: White=0.92/Black=0.04 (flawless)} 0-1

[Event "Kragero Resort International 2022"]
[Site "Kragero"]
[Date "2022.02.27"]
[Round "9.25"]
[White "Radeva, Viktoria"]
[Black "Johannsson, Birkir Isak"]
[Result "1/2-1/2"]
[WhiteElo "2261"]
[BlackElo "2103"]
[Annotator "TA"]
[PlyCount "73"]
[EventDate "2022.02.23"]
[EventType "swiss"]
[EventCountry "NOR"]
[SourceTitle "playchess.com"]
[Source "ChessBase"]
[SourceQuality "1"]

{[%evp 9,73,17,19,20,26,17,18,-1,0,3,13,8,8,0,25,21,7,21,31,20,13,12,13,0,50,0,30,29,43,0,0,4,29,0,0,0,0,0,0,0,0,0,0,0,0,0,0,0,2,-27,-14,-41,-49,-43,-43,-40,-21,-24,-3,-3,0,-14,0,0,0,-18]} 1. e4 c5 2. Nf3 d6 3. d4 cxd4 4. Qxd4 Nc6 5. Qe3 g6 6. Be2 {B53: Sicilian: 2...d6: Lines with Qxd4.} Bg7 7. O-O Nf6 8. c4 Bg4 9. Nc3 O-O 10. Rd1 Nd7 11. Rb1 {[#]} Qb6 $146 ({Predecessor:} 11... Qa5 12. Bd2 Qc5 13. Nd5 e6 14. b4 Qxe3 15. Nxe3 Bxf3 16. Bxf3 Nd4 17. Kf1 f5 18. exf5 Nxf3 19. gxf3 gxf5 {0-1 (46) Vaishali,R (2414)-Keymer,V (2607) chess24.com INT 2021}) 12. Nd5 Qxe3 13. Bxe3 Rfc8 14. h3 Bxf3 15. gxf3 Kf8 16. f4 Nc5 (16... b6 $11) 17. f3 (17. e5 $1 $14) 17... Ne6 18. Kf2 Bd4 19. b4 Bxe3+ $1 20. Kxe3 Rab8 21. h4 {[%cal Oh4h5]} Ng7 22. Bf1 Ne8 23. a3 e6 24. Nc3 {[%cal Bd5c3,Bc3e2,Be2c1,Bc1b3,Bb3d4,Bd4b5][%mdl 32]} Ke7 25. Rd2 Rd8 26. Rbd1 Rbc8 27. Ne2 Ra8 28. Nc1 b6 29. Nb3 a5 30. bxa5 (30. b5 $5 {[%cal Rb5c6]} a4 31. Nd4 (31. bxc6 axb3 32. Ra1 Rdc8 $15) 31... Nxd4 32. Kxd4 $11) 30... Nxa5 31. Nd4 Rdc8 32. Rc2 $1 Nc6 {Pair of Knights!} 33. Nb5 Na7 {[#] aiming for ...Nxb5.} 34. Nc3 {The position is equal.} Nc6 35. Nb5 Na7 {White must now prevent ...Nxb5.} 36. Nc3 Nc6 37. Nb5 {Weighted Error Value: White=0.08 (flawless) /Black=0.07 (flawless)} 1/2-1/2